000 00693nam a2200277Ia 4500
005 20260324112614.0
008 008 260324s9999 xx 000 0 eng d
020 _a9781003457152
037 _aEBOOK
040 _aCRL
040 _beng
040 _cCRL
041 _2eng
041 _aeng
084 _qCRL
100 _aH S Madhusudhan; Punit Gupta; Pradeep Singh Rawat
_91143398
245 0 _aAdvanced Computing Techniques for Optimization in Cloud
260 _bTaylor and Francis
260 _c2024
365 _a
365 _b320
856 _uhttp://www.taylorfrancis.com/books/9781003457152
942 _cEBOOK
999 _c1732663
_d1732663